Strategic planning : what every manager must know /

Guardado en:
Detalles Bibliográficos
Autor principal: Steiner, George Albert
Formato: Libro
Publicado: New York : Free Press, c1979.
Materias:
Acceso en línea:http://www.loc.gov/catdir/bios/simon054/78020647.html
http://www.loc.gov/catdir/samples/simon031/78020647.html
http://www.loc.gov/catdir/description/simon033/78020647.html
http://www.loc.gov/catdir/enhancements/fy0705/78020647-t.html
Etiquetas: Agregar Etiqueta
Sin Etiquetas, Sea el primero en etiquetar este registro!

MARC

LEADER 00000cam a2200000 i 4500
020 |a 0029311101  
040 |a MUL  |b eng.  |e AACR 
082 0 0 |a 658.401 STE 
100 1 |a Steiner, George Albert 
245 1 0 |a Strategic planning :  |b what every manager must know /  |c George A. Steiner. 
260 |a New York :  |b Free Press,  |c c1979. 
300 |a ix, 383 p. :  |b ill. ;  |c 24 cm. 
504 |a Includes bibliographical references and index. 
546 |a eng. 
650 0 |a Strategic planning. 
856 4 2 |u http://www.loc.gov/catdir/bios/simon054/78020647.html 
856 4 1 |u http://www.loc.gov/catdir/samples/simon031/78020647.html 
856 4 2 |u http://www.loc.gov/catdir/description/simon033/78020647.html 
856 4 1 |u http://www.loc.gov/catdir/enhancements/fy0705/78020647-t.html 
942 |c BK 
999 |c 5213  |d 5213